DFB Länderspiele - Statistiken

Allgemein
  • Dieses Quiz wurde 185 mal gespielt
  • Das Durchschnittsergebnis liegt bei 74 aus 90
Antwortstatistiken
Gegner Kontinent Spiele S U N Letztes Spiel % Korrekt
Frankreich Europa 35 11 8 16 2025
98%
Spanien Europa 27 9 9 9 2024
97%
Brasilien Südamerika 23 5 5 13 2018
96%
England Europa 39 13 9 17 2022
96%
Argentinien Südamerika 23 7 6 10 2019
95%
Italien Europa 39 10 14 15 2025
95%
Norwegen Europa 22 15 5 2 2017
95%
Österreich Europa 41 25 6 10 2023
95%
Schweiz Europa 54 36 9 9 2024
95%
Belgien Europa 26 20 1 5 2023
94%
Dänemark Europa 29 16 5 8 2024
94%
Finnland Europa 23 16 6 1 2016
94%
Portugal Europa 20 11 5 4 2025
94%
Schweden Europa 37 16 9 12 2018
94%
China Asien 2 1 1 0 2009
93%
Irland Europa 20 9 5 6 2015
93%
Australien Ozeanien 6 4 1 1 2017
92%
Griechenland Europa 10 7 3 0 2024
92%
Luxemburg Europa 13 12 0 1 2025
92%
Niederlande Europa 48 18 18 12 2024
92%
Russland Europa 7 6 1 0 2018
92%
Serbien Europa 4 2 1 1 2019
92%
Ungarn Europa 40 15 13 12 2024
92%
Japan Asien 4 1 1 2 2023
91%
Ägypten Afrika 1 0 0 1 1958
90%
Schottland Europa 18 9 5 4 2024
90%
Südkorea Asien 4 2 0 2 2018
90%
USA Nordamerika 12 8 0 4 2023
90%
Island Europa 6 5 1 0 2021
89%
Kanada Nordamerika 2 2 0 0 2003
89%
Mexiko Mittelamerika 13 5 6 2 2023
89%
Slowakei Europa 11 8 0 3 2016
89%
Slowenien Europa 1 1 0 0 2005
89%
Tschechien Europa 9 7 0 2 2020
89%
Algerien Afrika 3 1 0 2 2014
88%
Polen Europa 22 13 7 2 2023
88%
Südafrika Afrika 4 3 1 0 2009
88%
Bulgarien Europa 21 16 2 3 2002
87%
Chile Südamerika 9 6 1 2 2017
87%
Wales Europa 17 9 6 2 2009
87%
Albanien Europa 14 13 1 0 2001
86%
Bolivien Südamerika 1 1 0 0 1994
86%
Estland Europa 5 5 0 0 2019
86%
Ghana Afrika 3 2 1 0 2014
86%
Kroatien Europa 8 5 1 2 2008
86%
Liechtenstein Europa 6 6 0 0 2021
86%
Rumänien Europa 15 10 3 2 2021
86%
San Marino Europa 4 4 0 0 2017
86%
Belarus Europa 3 2 1 0 2019
85%
Kolumbien Südamerika 5 2 2 1 2023
85%
Neuseeland Ozeanien 1 1 0 0 1999
85%
Türkei Europa 22 14 4 4 2023
85%
Ukraine Europa 10 5 5 0 2024
85%
Lettland Europa 4 3 1 0 2021
84%
Marokko Afrika 4 4 0 0 1986
84%
Costa Rica Mittelamerika 2 2 0 0 2022
83%
Nordirland Europa 19 13 4 2 2019
83%
Uruguay Südamerika 11 8 2 1 2011
83%
Litauen Europa 2 1 1 0 2003
82%
Ecuador Südamerika 2 2 0 0 2013
81%
Aserbaidschan Asien 6 6 0 0 2017
80%
Paraguay Südamerika 2 1 1 0 2013
80%
Sowjetunion Europa 12 9 0 3 1991
80%
Peru Südamerika 3 3 0 0 2023
79%
Armenien Asien 5 5 0 0 2021
78%
Israel Asien 5 5 0 0 2022
78%
Nordmazedonien Europa 2 1 0 1 2021
78%
Iran Asien 2 2 0 0 2004
77%
Zypern Europa 6 5 1 0 2007
77%
Jugoslawien Europa 25 14 4 7 1990
76%
Saudi Arabien Asien 3 3 0 0 2018
76%
Kasachstan Asien 4 4 0 0 2013
75%
Malta Europa 9 8 1 0 2010
74%
Georgien Asien 5 5 0 0 2015
73%
Tunesien Afrika 3 1 2 0 2005
73%
Elfenbeinküste Afrika 1 0 1 0 2009
72%
DDR Europa 1 0 0 1 1974
70%
Kamerun Afrika 4 3 1 0 2017
70%
Nigeria Afrika 1 1 0 0 1998
70%
Oman Asien 2 2 0 0 2022
69%
Tschechoslowakei Europa 17 10 4 3 1992
66%
Moldawien Europa 4 4 0 0 1999
65%
Gibraltar Europa 2 2 0 0 2015
64%
Färöer Europa 4 4 0 0 2013
59%
Thailand Asien 1 1 0 0 2004
58%
Vereinigte Arabische Emirate Asien 3 3 0 0 2009
55%
Bosnien Herzegowina Europa 4 3 1 0 2024
44%
Kuwait Asien 1 1 0 0 2002
39%
Saarland Europa 2 2 0 0 1954
23%
GUS Europa 1 0 1 0 1992
14%
Keine übereinstimmenden Quizze gefunden
Verteilung der Resultate
Anzahl Personen mit jedem Resultat
Perzentil nach korrekt beantworteten Fragen
Ihre Resultats-Entwicklung
Sie haben dieses Quiz noch nicht gespielt